|
|
|
|
| LEADER |
00000nas a2200000 a 4500 |
| 001 |
ssj0012493 |
| 003 |
WaSeSS |
| 005 |
20200512172242.0 |
| 006 |
m d |
| 007 |
cr n |
| 008 |
980213d19692009vaubr pss f0 a0eng c |
| 010 |
|
|
|a 2002230201
|
| 022 |
|
|
|a 1559-6583
|l 0004-2528
|y 0004-2528
|
| 035 |
|
|
|a (WaSeSS)ssj0012493
|
| 040 |
|
|
|a FGA
|b eng
|c FGA
|d OCL
|d GAO
|d GPO
|d OCLCQ
|d NSD
|d GPO
|d DLC
|d OCLCQ
|d OCLCO
|d OCLCQ
|d OCLCF
|d OCL
|d OCLCQ
|d COO
|d GILDS
|d OCLCO
|d UUM
|d OCLCO
|d U3W
|d OCLCO
|d WaSeSS
|
| 042 |
|
|
|a pcc
|a nsdp
|
| 043 |
|
|
|a n-us---
|
| 050 |
|
4 |
|a U168
|b .A74 Electronic resource
|
| 074 |
|
|
|a 0322-C (online)
|
| 082 |
1 |
0 |
|a 355
|2 13
|
| 086 |
0 |
|
|a D 101.69:
|
| 130 |
0 |
|
|a Army logistician (Online)
|
| 222 |
|
0 |
|a Army logistician
|b (Online)
|
| 245 |
1 |
0 |
|a Army logistician
|h [electronic resource].
|
| 260 |
|
|
|a Fort Lee, VA :
|b Army Combined Arms Support Command
|
| 310 |
|
|
|a Bimonthly
|
| 362 |
1 |
|
|a Print began with vol. 1, no. 1 (Sept./Oct. 1969).
|
| 362 |
1 |
|
|a Ceased with vol. 41, issue 4 (July/Aug. 2009).
|
| 490 |
1 |
|
|a PB
|
| 500 |
|
|
|a "The professional journal of United States Army logistics."
|
| 500 |
|
|
|a Prepared at the Army Logistics Management College.
|
| 506 |
|
|
|a License restrictions may limit access.
|
| 538 |
|
|
|a Mode of access: Internet at the ALMC web site. Address as of 12/17/01: http://www.almc.army.mil/alog/index.asp; current access is available via PURL.
|
| 588 |
|
|
|a Description based on: Vol. 28, issue 1 (Jan./Feb. 1996); title from caption screen (viewed Dec. 17, 2001).
|
| 588 |
|
|
|a Latest issue consulted: Vol. 41, issue 4 (July/Aug. 2009); (ALMC website, viewed Jan. 20, 2010).
|
| 610 |
1 |
0 |
|a United States.
|b Army
|x Supplies and stores
|v Periodicals.
|
| 610 |
1 |
7 |
|a United States.
|b Army.
|2 fast
|0 (OCoLC)fst00533532
|
| 650 |
|
0 |
|a Logistics
|v Periodicals.
|
| 650 |
|
7 |
|a Logistics.
|2 fast
|0 (OCoLC)fst01002084
|
| 650 |
|
7 |
|a Armed Forces
|x Supplies and stores.
|2 fast
|0 (OCoLC)fst00814632
|
| 655 |
|
0 |
|a Electronic journals.
|
| 710 |
1 |
|
|a United States.
|b Army Combined Arms Support Command.
|
| 710 |
2 |
|
|a U.S. Army Logistics Management College.
|
| 776 |
1 |
|
|t Army logistician
|x 0004-2528
|w (DLC)sf 78000129
|w (OCoLC)1514210
|
| 785 |
0 |
0 |
|t Army sustainment
|x 2153-6015
|w (DLC) 2010230408
|w (OCoLC)499049762
|
| 830 |
|
0 |
|a PB (United States. Army)
|
| 856 |
4 |
0 |
|z Full text available from Research Library: 11/01/1996 to 08/31/2009
|u https://search.proquest.com/publication/35803
|